Villes les plus peuplées de l'Ardèche - Statistiques

Statistiques générales
  • Ce quiz a été pris 86 fois
  • Le résultat moyen est 8 sur 18
Statistiques - réponses
Population Ville % Correct
8 313 Privas
99%
16 302 Annonay
93%
11 917 Aubenas
93%
10 558 Tournon-sur-Rhône
70%
8 376 Le Teil
61%
10 841 Guilherand-Granges
54%
7 236 Bourg-Saint-Andéol
46%
2 809 Le Pouzin
42%
5 124 La Voulte-sur-Rhône
40%
3 071 Davézieux
39%
2 959 Cruas
33%
7 494 Saint-Péray
33%
3 455 Vals-les-Bains
31%
3 788 Viviers
28%
3 037 Le Cheylard
27%
3 040 Chomérac
19%
2 927 Villeneuve-de-Berg
16%
2 826 Roiffieux
12%
Aucun quiz correspondant
Distribution des résultats
% des personnes avec chaque résultat
Percentile par nombre de réponses
Votre historique - résultats
Vous n’avez pas pris ce quiz